Tribhuvan University Central Library

Kathmandu jillaka kaksha 7 ma adhyayanrat vidyarthiharuko pathanbodha kshamatako adhyayan (Record no. 100237)

MARC details
000 -LEADER
fixed length control field 00462nam a22001457a 4500
008 - FIXED-LENGTH DATA ELEMENTS--GENERAL INFORMATION
fixed length control field 210729b ||||| |||| 00| 0 eng d
082 ## - DEWEY DECIMAL CLASSIFICATION NUMBER
Classification number CD15321
100 ## - MAIN ENTRY--PERSONAL NAME
Personal name Adhikari, Kalpana
245 ## - TITLE STATEMENT
Title Kathmandu jillaka kaksha 7 ma adhyayanrat vidyarthiharuko pathanbodha kshamatako adhyayan
260 ## - PUBLICATION, DISTRIBUTION, ETC. (IMPRINT)
Place of publication, distribution, etc Kathmandu:
Date of publication, distribution, etc 2019
502 ## - DISSERTATION NOTE
Dissertation note Dissertation (Degree in Nepali education), TU
650 ## - SUBJECT ADDED ENTRY--TOPICAL TERM
Topical term or geographic name as entry element Reading comprehension
650 ## - SUBJECT ADDED ENTRY--TOPICAL TERM
Topical term or geographic name as entry element Primary school
942 ## - ADDED ENTRY ELEMENTS (KOHA)
Source of classification or shelving scheme Dewey Decimal Classification
Koha item type Audio Visual Materials
Holdings
Withdrawn status Lost status Source of classification or shelving scheme Damaged status Not for loan Home library Current library Date acquired Total Checkouts Full call number Barcode Date last seen Price effective from Koha item type
    Dewey Decimal Classification     Tribhuvan University Central Library Tribhuvan University Central Library 07/29/2021   CD15321 A15272 07/29/2021 07/29/2021 Audio Visual Materials